විද්යාත්මක ඉංග්රීසි ව්යාකරණය 1 (Record no. 117281)
[ view plain ]
| 000 -LEADER | |
|---|---|
| fixed length control field | 00512nam a2200169Ia 4500 |
| 003 - CONTROL NUMBER IDENTIFIER | |
| control field | LK-CoDNM |
| 008 - FIXED-LENGTH DATA ELEMENTS--GENERAL INFORMATION | |
| fixed length control field | 010623t1995 xxu||||| |||| 00| 1 eng d |
| 040 ## - CATALOGING SOURCE | |
| Original cataloging agency | LK-CoDNM |
| Modifying agency | LK-CoDNM |
| Description conventions | LK-CoDNM |
| 041 ## - LANGUAGE CODE | |
| Language code of text/sound track or separate title | English |
| 080 ## - UNIVERSAL DECIMAL CLASSIFICATION NUMBER | |
| Universal Decimal Classification number | 801.5(802.0) |
| Item number | GAM |
| 942 ## - ADDED ENTRY ELEMENTS (KOHA) | |
| Koha item type | Books |
| 100 ## - MAIN ENTRY--PERSONAL NAME | |
| Personal name | Gamlath, Sucharitha |
| 245 ## - TITLE STATEMENT | |
| Title | විද්යාත්මක ඉංග්රීසි ව්යාකරණය 1 |
| 246 ## - VARYING FORM OF TITLE | |
| Title proper/short title | Vidyathmaka engreesi viyakaranaya-1 |
| 260 ## - PUBLICATION, DISTRIBUTION, ETC. (IMPRINT) | |
| Name of publisher, distributor, etc. | S.Godage |
| Place of publication, distribution, etc. | Colombo |
| Date of publication, distribution, etc. | 1995 |
| 300 ## - PHYSICAL DESCRIPTION | |
| Other physical details | 120, 22 cm |
| Withdrawn status | Lost status | Damaged status | Not for loan | Collection code | Permanent Location | Current Location | Date acquired | Full call number | Barcode | Koha item type |
|---|---|---|---|---|---|---|---|---|---|---|
| Monographs | Library National Museum Colombo - Sri Lanka | Library National Museum Colombo - Sri Lanka | 2023-08-02 | 801.5(802.0) GAM | 95-134472-121 | Books |


